书目信息 |
| 题名: |
古韵通晓
|
|
| 作者: | 陈复华 , 何九盈 著 | |
| 分册: | ||
| 出版信息: | 北京 中国社会科学出版社 1987 |
|
| 页数: | 539页 | |
| 开本: | 20cm | |
| 丛书名: | ||
| 单 册: | ||
| 中图分类: | H111 | |
| 科图分类: | ||
| 主题词: | 汉语--语音 , 汉语--音韵学 | |
| 电子资源: | ||
| ISBN: | 7-5004-0027-6 | |
| 000 | 00672nam0 2200253 45 | |
| 001 | 0187003762 | |
| 005 | 20040615093712.9 | |
| 010 | @a7-5004-0027-6@dCNY4.05 | |
| 100 | @a19900808d1987 emky0chiy0121 ea | |
| 101 | 0 | @achi |
| 102 | @aCN@b110000 | |
| 105 | @ay z 000yy | |
| 106 | @ar | |
| 200 | 10 | @a古韵通晓@Agu yun tong xiao@f陈复华, 何九盈著 |
| 210 | @a北京@c中国社会科学出版社@d1987 | |
| 215 | @a539页@d20cm | |
| 606 | 0 | @a汉语@x语音 |
| 606 | 0 | @a汉语@x音韵学 |
| 690 | @aH111@v3 | |
| 701 | 0 | @a陈复华@Achen fu hua@4著 |
| 701 | 0 | @a何九盈@Ahe jiu ying@4著 |
| 801 | 0 | @aCN@b深圳图书馆@c20040421 |
| 801 | 2 | @aCN@bNLC@c20040421 |
| 905 | @dH111@e51@f1@b202766 | |
| 古韵通晓/陈复华, 何九盈著.-北京:中国社会科学出版社,1987 |
| 539页;20cm |
| ISBN 7-5004-0027-6:CNY4.05 |
| ● |
| 相关链接 |
|
|
|
|
正题名:古韵通晓
索取号:H111/51
 
预约/预借
| 序号 | 登录号 | 条形码 | 馆藏地/架位号 | 状态 | 备注 |
| 1 | 0202766 | 000832068 | 第四借阅区/ [索取号:H111/51] | 在馆 | |
| 2 | 0202767 | 000832077 | 第四借阅区/ [索取号:H111/51] | 在馆 | |
| 3 | 0202768 | 202078152 | 第二样本阅览室/ [索取号:H111/51] | 在馆 |